Film R-rated con maggiori incassi nella storia del cinema - Statistics

Statistiche generali
  • Questo quiz è stato fatto 8 volte
  • Il punteggio medio è 3 su 19
Statistiche sulle risposte
Incasso ($) Anno di uscita del film Film % Corretto
1 074 458 282 2019 Joker
86%
700 381 748 2017 It
43%
948 986 785 2023 Oppenheimer
43%
741 847 937 2003 Matrix Reloaded
29%
547 326 372 2014 American Sniper
14%
569 651 467 2015 Cinquanta sfumature di grigio
14%
782 612 155 2016 Deadpool
14%
785 896 609 2018 Deadpool 2
14%
503 162 313 2000 Il Gladiatore
14%
612 054 428 2004 La Passione di Cristo
14%
619 021 436 2017 Logan - The Wolverine
14%
586 764 305 2011 Una notte da leoni 2
14%
507 127 293 2020 Demon Slayer - Il treno Mugen
0%
544 068 574 2018 Detective Chinatown 2
0%
686 257 563 2021 Detective Chinatown 3
0%
525 018 479 2016 Mei ren yu
0%
532 938 302 2015 Revenant - Redivivo
0%
549 368 315 2012 Ted
0%
515 390 883 1991 Terminator 2 - Il giorno del giudizio
0%
Nessun quiz corrispondente trovato
Distribuzione punteggi
Percentuale di utenti per punteggio
Percentile per numero di risposta
I tuoi punteggi nel tempo
Non hai fatto questo quiz